|
|
|
|
| LEADER |
00000cam a22000004a 4500 |
| 001 |
musev2_34732 |
| 003 |
MdBmJHUP |
| 005 |
20230905043645.0 |
| 006 |
m o d |
| 007 |
cr||||||||nn|n |
| 008 |
150311s1993 nju o 00 0 eng d |
| 020 |
|
|
|a 9781400863259
|
| 020 |
|
|
|z 1400863252
|
| 035 |
|
|
|a (OCoLC)889251277
|
| 040 |
|
|
|a MdBmJHUP
|c MdBmJHUP
|
| 100 |
1 |
|
|a Jardine, Lisa.
|
| 245 |
1 |
0 |
|a Erasmus, Man of Letters :
|b The Construction of Charisma in Print /
|c Lisa Jardine.
|
| 264 |
|
1 |
|a Princeton, N.J. :
|b Princeton University Press,
|c 1993.
|
| 264 |
|
3 |
|a Baltimore, Md. :
|b Project MUSE,
|c 2015
|
| 264 |
|
4 |
|c ©1993.
|
| 300 |
|
|
|a 1 online resource (294 pages):
|b illustrations, map
|
| 336 |
|
|
|a text
|b txt
|2 rdacontent
|
| 337 |
|
|
|a computer
|b c
|2 rdamedia
|
| 338 |
|
|
|a online resource
|b cr
|2 rdacarrier
|
| 490 |
0 |
|
|a Princeton legacy library
|
| 505 |
0 |
|
|a Introduction: Self-Portrait in Pen and Ink -- Ch. 1. 'A better portrait of Erasmus will his writings show': Fashioning the Figure -- Ch. 2. The In(de)scribable Aura of the Scholar-Saint in His Study: Erasmus's Life and Letters of Saint Jerome -- Ch. 3. Inventing Rudolph Agricola: Recovery and Transmission of the De inventione dialectica -- Ch. 4. Recovered Manuscripts and Second Editions: Staging the Book with the Castigatores -- Ch. 5. Reasoning Abundantly: Erasmus, Agricola, and Copia -- Ch. 6. Concentric Circles: Confected Correspondence and the Opus epistolarum Erasmi -- Conclusion: 'The name of Erasmus will never perish'.
|
| 520 |
|
|
|a The name Erasmus of Rotterdam conjures up a golden age of scholarly integrity and the disinterested pursuit of knowledge, when learning could command public admiration without the need for authorial self-promotion. Lisa Jardine, however, shows that Erasmus self-consciously created his own reputation as the central figure of the European intellectual world. Erasmus himself-the historical as opposed to the figural individual-was a brilliant, maverick innovator, who achieved little formal academic recognition in his own lifetime. What Jardine offers here is not only a fascinating study of Erasmu.
|
| 588 |
|
|
|a Description based on print version record.
|
| 600 |
0 |
7 |
|a Érasme,
|d (1469-1536)
|2 ram
|
| 600 |
1 |
7 |
|a Erasmus, Desiderius,
|d -1536
|2 fast
|0 (OCoLC)fst01817492
|
| 600 |
0 |
6 |
|a Érasme,
|d m. 1536
|x Style.
|
| 600 |
1 |
1 |
|a Erasmus, Desiderius,
|d -1536
|x Authorship.
|
| 600 |
1 |
0 |
|a Erasmus, Desiderius,
|d -1536
|x Authorship.
|
| 650 |
|
7 |
|a Humanistes
|z Pays-Bas.
|2 ram
|
| 650 |
|
7 |
|a Imprimeurs
|z Pays-Bas
|x Histoire
|y 16e siecle.
|2 ram
|
| 650 |
1 |
7 |
|a Uitgeven.
|2 gtt
|
| 650 |
1 |
7 |
|a Humanisme (cultuurgeschiedenis)
|2 gtt
|
| 650 |
1 |
7 |
|a Geleerdheid.
|2 gtt
|
| 650 |
|
7 |
|a Scholarly publishing.
|2 fast
|0 (OCoLC)fst01106866
|
| 650 |
|
7 |
|a Printing.
|2 fast
|0 (OCoLC)fst01076612
|
| 650 |
|
7 |
|a Intellectual life.
|2 fast
|0 (OCoLC)fst00975769
|
| 650 |
|
7 |
|a Humanists.
|2 fast
|0 (OCoLC)fst00963543
|
| 650 |
|
7 |
|a Authorship.
|2 fast
|0 (OCoLC)fst00822442
|
| 650 |
|
7 |
|a Authors, Latin (Medieval and modern)
|2 fast
|0 (OCoLC)fst00822199
|
| 650 |
|
7 |
|a Authors and publishers.
|2 fast
|0 (OCoLC)fst00821733
|
| 650 |
|
7 |
|a PHILOSOPHY
|x Religious.
|2 bisacsh
|
| 650 |
|
7 |
|a FOREIGN LANGUAGE STUDY
|x Latin.
|2 bisacsh
|
| 650 |
|
6 |
|a Humanistes
|z Pays-Bas.
|
| 650 |
|
6 |
|a Art d'ecrire
|x Histoire
|y 16e siecle.
|
| 650 |
|
6 |
|a Imprimerie
|z Pays-Bas
|x Histoire
|y 16e siecle.
|
| 650 |
|
6 |
|a Édition savante
|z Pays-Bas
|x Histoire
|y 16e siecle.
|
| 650 |
|
6 |
|a Écrivains et editeurs
|z Pays-Bas
|x Histoire
|y 16e siecle.
|
| 650 |
|
6 |
|a Écrivains latins medievaux et modernes
|z Pays-Bas
|v Biographies.
|
| 650 |
|
0 |
|a Humanists
|z Netherlands.
|
| 650 |
|
0 |
|a Authorship
|x History
|y 16th century.
|
| 650 |
|
0 |
|a Printing
|z Netherlands
|x History
|y 16th century.
|
| 650 |
|
0 |
|a Scholarly publishing
|z Netherlands
|x History
|y 16th century.
|
| 650 |
|
0 |
|a Authors and publishers
|z Netherlands
|x History
|y 16th century.
|
| 650 |
|
0 |
|a Authors, Latin (Medieval and modern)
|z Netherlands
|v Biography.
|
| 651 |
|
7 |
|a Pays-Bas
|x Vie intellectuelle
|y 16e siecle.
|2 ram
|
| 651 |
|
7 |
|a Netherlands.
|2 fast
|0 (OCoLC)fst01204034
|
| 651 |
|
6 |
|a Pays-Bas
|x Vie intellectuelle
|y 16e siecle.
|
| 651 |
|
0 |
|a Netherlands
|x Intellectual life
|y 16th century.
|
| 655 |
|
7 |
|a Biographies.
|2 rvmgf
|
| 655 |
|
7 |
|a Biographies.
|2 lcgft
|
| 655 |
|
7 |
|a History.
|2 fast
|0 (OCoLC)fst01411628
|
| 655 |
|
7 |
|a Biographies.
|2 fast
|0 (OCoLC)fst01919896
|
| 655 |
|
2 |
|a Biography
|
| 655 |
|
7 |
|a Electronic books.
|2 local
|
| 710 |
2 |
|
|a Project Muse.
|e distributor
|
| 830 |
|
0 |
|a Book collections on Project MUSE.
|
| 856 |
4 |
0 |
|z Texto completo
|u https://projectmuse.uam.elogim.com/book/34732/
|
| 945 |
|
|
|a Project MUSE - Custom Collection
|
| 945 |
|
|
|a Project MUSE - Archive Complete Supplement III
|
| 945 |
|
|
|a Project MUSE - Archive Literature Supplement III
|